Ta Tsing Leu Lee, o las leyes fundamentales del Código penal de la China... / (Record no. 184899)

MARC details
000 -LEADER
campo de control de longitud fija 01089nam a2200253 i 4500
001 - NÚMERO DE CONTROL
campo de control 184899
003 - IDENTIFICADOR DE NÚMERO DE CONTROL
campo de control ES-MaACL
005 - FECHA Y HORA DE LA ÚLTIMA TRANSACCIÓN
campo de control 20250928095405.0
008 - DATOS DE LONGITUD FIJA--INFORMACIÓN GENERAL
campo de control de longitud fija 160217s1884 sp |||| | spa d
080 ## - NÚMERO DE LA CLASIFICACIÓN DECIMAL UNIVERSAL
Número de la Clasificación Decimal Universal 343(510)"18"(094.4)
110 1# - ENTRADA PRINCIPAL--NOMBRE DE ENTIDAD CORPORATIVA
Nombre de entidad corporativa o nombre de jurisdicción como elemento de entrada China.
9 (RLIN) 2803
245 10 - MENCIÓN DEL TÍTULO
Título Ta Tsing Leu Lee, o las leyes fundamentales del Código penal de la China... /
Mención de responsabilidad, etc. traducido por Jorge Tomás Staunton ; puesto en francés por Felix Renouard de Ste. Croix ; traducida al español por Juan de Dios Vico y Brabo.
246 30 - FORMA VARIANTE DEL TITULO
Título propio/Titulo breve Leyes fundamentales del Código penal de la China
260 ## - PUBLICACIÓN, DISTRIBUCIÓN, ETC.
Lugar de publicación, distribución, etc. Madrid :
Nombre del editor, distribuidor, etc. Imp. de la Revista de Legislación,
Fecha de publicación, distribución, etc. 1884.
300 ## - DESCRIPCIÓN FÍSICA
Extensión 614 p. ;
Dimensiones 21 cm.
530 ## - NOTA DISPONIBLE DE FORMULARIO FÍSICO ADICIONAL
Nota de formato físico adicional disponible Disponible en formato digital.
650 #4 - PUNTO DE ACCESO ADICIONAL DE MATERIA--TÉRMINO DE MATERIA
Término de materia o nombre geográfico como elemento de entrada Derecho-
Subdivisión geográfica China.
9 (RLIN) 167220
700 1# - ENTRADA AGREGADA--NOMBRE PERSONAL
Nombre de persona Staunton, George,
Títulos y otros términos asociados al nombre Sir (
Fechas asociadas al nombre 1737-1801)
9 (RLIN) 158779
700 1# - ENTRADA AGREGADA--NOMBRE PERSONAL
Nombre de persona Renouard de Sainte-Croix, Félix,
Fechas asociadas al nombre 1773-1840
9 (RLIN) 158780
700 1# - ENTRADA AGREGADA--NOMBRE PERSONAL
Nombre de persona Vico y Bravo, Juan de Dios,
Fechas asociadas al nombre 1845-1908
9 (RLIN) 133674
852 ## - LOCALIZACIÓN
Ubicación ES-MaACL
Número de control de estantería G-12355
856 ## - LOCALIZACIÓN Y ACCESO ELECTRÓNICOS
Identificador Uniforme de Recursos <a href="https://archive.org/details/BRes060901 ">https://archive.org/details/BRes060901 </a>
Nota pública Internet Archive
Holdings
Estatus retirado Estado de pérdida Estado de daño No para préstamo Colección Biblioteca de origen Biblioteca actual Ubicación en estantería Fecha de adquisición Fuente de adquisición Total de préstamos Signatura topográfica completa Código de barras Visto por última vez Precio de reemplazo Tipo de ítem Koha
        Colección digital Biblioteca del Ateneo de Madrid Biblioteca del Ateneo de Madrid Sala Pecera Planta 3 17/02/2016     G-12355 1194740 23/02/2023 23/02/2023 Libro impreso antiguo